[Event "HCL-E1525"]
[Site "www.playchess.de"]
[Date "2006.02.16"]
[Round "32"]
[White "Toni76"]
[Black "Emerson"]
[WhiteElo "1840"]
[BlackElo "1802"]
[PlyCount "53"]
[Result "1-0"]

1.e4 {Hallo, good luck.}  e5 {Willkommen, viel 
Glück und frohe Weihnachten! 
Norbert / Dortmund}  2.Nf3 {Viel Glück und Frohe 
Weihnachten auch für Dich. Wie kommt's, dass Du 
unter walisischer Flagge spielst?}  Qe7 {Mir 
gefällt das Land - und der DRACHE in der Flagge 
war mir als "Schachlogo" sympathisch. Ich war vor 
Jahren mal in Wales - meine kleine Hommage an 
dieses Fleckchen Erde...}  3.Bc4 {ja, die Flagge 
ist ganz hübsch}  d6 {Vor einigen Wochen hatte ich 
einen freechess-Partner (Deutscher), der spielte 
unter mongolischer Flagge!}  4.O-O {Ich war im 
Sommer drei Monate in China. Die verwenden den 
Drachen sehr häufig als Symbol für Mystik, Macht 
und Stärke, ich bin nach chinesischem Kalender 
sogar im Jahr des Drachen geboren (1976)}  h6 {Das 
muss ja toll gewesen sein - 3 Monate China. Ich 
habe Bekannte, die per "guided tour" 4 Wochen dort 
waren. Hattest Du dort beruflich oder privat zu 
tun? 3 Monate ist immerhin eine lange Zeit, Urlaub 
wirds ja kaum gewesen sein...}  5.d4 {Ja, war 
klasse. Ich habe meine Wahlstation als 
Rechtsreferendar da verbracht aund in Peking in 
einer Kanzlei gearbeitet.}  Nf6 {Wow! Das sind 
sicher wichtige Erfahrungen, die für das spätere 
"echte" Berufsleben nützlich sein können. 
Überhaupt ist China ja ein expandierender Raum...} 
 6.Nc3 {ja, man merkt, dass da ein Land im 
Aufbruch ist}  c6 {Das arme Volk hat ja auch sehr 
lange gelitten (Kaiserreich, Kommunimus); da sei 
den Chinesen manch Gutes gegönnt.}  7.h3 
{"Kommunistisch" sind sie ja heute theoretisch 
immer noch}  g5 {Ja, sicher, aber es gibt ja 
bereits - soviel ich weiß- kapitalistische 
Enklaven ("Experimentiergebiete"!?). Wenn die 
Technik kommt, wird auch der Kommunismus weichen 
-}  8.b4 {ich hab das ironisch gemeint, in der 
Praxis ist das Land kapitalistischer als 
Westeuropa}  Bg7 {Das hätte ich nun aber nicht 
gedacht, dass die Verwestlichung (ökonomisch 
gesehen) schon so stark ist.}  9.a4 {Die wollen 
Entwicklung um (fast) jeden Preis und das ist mit 
Sozialismus nicht mehr zu machen}  O-O {Wünsche 
Dir alles Gute für 2006!}  10.dxe5 {Danke 
gleichfalls!}  dxe5 11.Ba3 Rd8 12.Qe2 Qc7 13.Rad1 
Rxd1 14.Rxd1 Bf8 15.Qd2 Be7 16.b5 Be6 17.Bxe7 Qxe7 
18.Qd8+ Qxd8 19.Rxd8+ Kg7 20.Bxe6 fxe6 21.bxc6 
bxc6 {so langsam sinke ich dahin...
:-((}  22.Nxe5 {ich bin auch ganz froh in der 
Stellung Weiss zu haben :-))}  a5 {ich zieh noch 
ein kleines bisschen rum...}  23.Nxc6 Nfd7 24.Nxb8 
Nxb8 25.Nb5 Kf7 26.Nd4 Ke7 {das wars dann wohl...} 
 27.Nc6+ 1-0

[Event "HCL-C4071"]
[Site "www.playchess.de"]
[Date "2006.02.16"]
[Round "3"]
[White "Gordon"]
[Black "Idris"]
[WhiteElo "961"]
[BlackElo "878"]
[PlyCount "65"]
[Result "1-0"]

1.e4 e5 2.Nf3 d6 3.Bb5+ Bd7 4.Nc3 Be7 5.O-O Bxb5 
6.Nxb5 Nf6 7.d4 Nbd7 8.d5 Nc5 9.Nc3 Ng4 10.Ng5 
Bxg5 11.Bxg5 Nf6 12.Qf3 Qe7 13.Qh3 Nfxe4 14.Bxe7 
Kxe7 15.Nxe4 Nxe4 16.Qh4+ f6 17.Qxe4 c5 18.f4 Rhc8 
19.Qf5 b5 20.fxe5 dxe5 21.Qe6+ Kf8 22.d6 Rce8 
23.Rxf6+ gxf6 24.Qxf6+ Kg8 25.Rf1 Ref8 26.Qg5+ Kh8 
27.Qxe5+ Kg8 28.Rxf8+ Kxf8 29.Qe7+ Kg8 30.d7 Rf8 
31.d8Q Rxd8 32.Qxd8+ Kg7 33.h4 1-0

[Event "HCL-C4153"]
[Site "www.playchess.de"]
[Date "2006.02.16"]
[Round "11"]
[White "chimiel"]
[Black "Milosforman"]
[WhiteElo "1356"]
[BlackElo "950"]
[PlyCount "34"]
[Result "0-1"]

1.e4 c5 2.Nf3 e6 3.d4 Nf6 4.e5 Nd5 5.Bb5 a6 6.Bc4 
b5 7.Bxd5 exd5 8.Nc3 Bb7 9.Bf4 c4 10.b3 Bb4 11.Qd2 
h6 12.O-O Nc6 13.Nxd5 Bxd2 14.Nxd2 Nxd4 15.g3 Bxd5 
16.Rac1 c3 17.Nb1 Ne2+ 0-1

[Event "HCL-C4152"]
[Site "www.playchess.de"]
[Date "2006.02.16"]
[Round "5"]
[White "gronico"]
[Black "Milosforman"]
[WhiteElo "1199"]
[BlackElo "938"]
[PlyCount "53"]
[Result "1/2-1/2"]

1.e4 c5 2.Bc4 e6 3.Nc3 d6 4.d3 g6 5.Nf3 Bg7 6.Bd2 
Bd7 7.O-O Nf6 8.Bg5 a6 9.Qd2 Qc7 10.Bh6 O-O 
11.Bxg7 Kxg7 12.Ne2 b5 13.Bb3 a5 14.a3 a4 15.Ba2 
Nc6 16.b3 axb3 17.Bxb3 e5 18.Ng3 Bg4 19.Qe3 Nd4 
20.Nxd4 cxd4 21.Qg5 h6 22.Qd2 Nh7 23.f3 Be6 
24.Rfc1 Nf6 25.a4 Bxb3 26.cxb3 Qa5 27.Qxa5 
{(offering draw)}  1/2-1/2

[Event "HCL-C4020"]
[Site "www.playchess.de"]
[Date "2006.02.16"]
[Round "3"]
[White "Mercator"]
[Black "alauddin"]
[WhiteElo "1041"]
[BlackElo "938"]
[PlyCount "83"]
[Result "1-0"]

1.d4 {Prettige partij toegewenst !}  d5 {danke 
schon... du auch!}  2.c4 dxc4 3.Nf3 Bf5 4.Nc3 Nc6 
5.e4 Bg6 6.Bxc4 e6 7.O-O Nf6 8.Bg5 Be7 9.Qb3 Na5 
10.Qa4+ Nc6 11.h3 Bxe4 12.Bxf6 Bxf6 13.Nxe4 O-O 
14.Rad1 a6 15.Qc2 Bxd4 16.Nxd4 Nxd4 17.Qd3 e5 
18.f4 b5 19.Bb3 c5 20.fxe5 c4 21.Qxd4 Qxd4+ 
22.Rxd4 cxb3 23.axb3 Rfe8 24.Rfd1 g6 25.Nf6+ Kf8 
26.Nxe8 Rxe8 27.R4d8 h5 28.Rxe8+ Kxe8 29.Rd6 a5 
30.Ra6 a4 31.bxa4 bxa4 32.Ra7 h4 33.Rxa4 Ke7 
34.Kf2 Ke6 35.Ke3 Kxe5 36.Ra5+ Kf6 37.b4 Ke7 
38.Kd4 f5 39.Ke5 Kf7 40.Ra7+ Kg8 41.Kf6 Kf8 
42.Ra8+ 1-0

[Event "HCL-C4109"]
[Site "www.playchess.de"]
[Date "2006.02.16"]
[Round "10"]
[White "Dereck"]
[Black "Skipper_Robert"]
[WhiteElo "1344"]
[BlackElo "997"]
[PlyCount "65"]
[Result "1-0"]

1.Nc3 d5 2.d4 Nf6 3.Bf4 a6 4.e3 Nc6 5.Nf3 Bf5 6.a3 
h6 7.Be2 e6 8.Ne5 Nxe5 9.Bxe5 Nd7 10.Bf4 g5 11.Bg3 
c6 12.O-O Be7 13.b4 Qb6 14.Bd3 Nf6 15.Be5 h5 
16.Bxf5 exf5 17.Qf3 f4 18.exf4 gxf4 19.Qxf4 Qd8 
20.Rfe1 Kf8 21.Bxf6 Bxf6 22.Re3 Qd7 23.Qxf6 Rg8 
24.Rae1 Qg4 25.Qd6+ Kg7 26.Rg3 Rae8 27.Rxg4+ hxg4 
28.Rf1 Re6 29.Qf4 Rge8 30.Qxg4+ Kf8 31.Nd1 R6e1 
32.Ne3 Re2 33.Qxe2 1-0

[Event "HCL-M853"]
[Site "www.playchess.de"]
[Date "2006.02.16"]
[Round "6"]
[White "player27"]
[Black "dudi"]
[WhiteElo "1751"]
[BlackElo "1712"]
[PlyCount "64"]
[Result "0-1"]

1.d4 {good luck in the tournament}  Nf6 2.c4 e6 
3.Nf3 d5 4.g3 dxc4 5.Bg2 Nc6 6.Qa4 Bb4+ {Greetings 
from the UK. Viel Glück!!}  7.Bd2 Nd5 8.Bxb4 Ndxb4 
9.O-O Rb8 10.Nc3 a6 11.Ne5 O-O 12.Bxc6 Nxc6 
13.Nxc6 bxc6 14.Qxc4 Qd6 15.Ne4 Qd5 16.Qd3 Rxb2 
17.Rfc1 e5 18.e3 exd4 19.Rc5 Rxa2 {Merry 
Christmas!}  20.Rxd5 {thank you! Happy new year ; 
)}  Rxa1+ {Alles Gute im Neuen Jahr!}  21.Kg2 
{danke ; )}  cxd5 22.Qxd4 Ra5 23.Qe5 c6 24.Qc7 Ra4 
25.Nc5 Rc4 26.Qxc6 d4 27.exd4 Rd8 28.d5 Bf5 29.Qb6 
Rc8 30.Nxa6 Be4+ 31.Kh3 Bxd5 32.Nb4 
Bf3 0-1

[Event "HCL-B3878"]
[Site "www.playchess.de"]
[Date "2006.02.16"]
[Round "1"]
[White "Sporang"]
[Black "mnonato"]
[WhiteElo "993"]
[BlackElo "1199"]
[PlyCount "64"]
[Result "0-1"]

1.e4 c5 2.Nf3 d6 3.Bc4 Nf6 4.Nc3 Nc6 5.h3 a6 6.Nd5 
Nxe4 7.d3 Nf6 8.Nxf6+ exf6 9.O-O Be7 10.Bd5 Nb4 
11.Be4 d5 12.a3 Nc6 13.Bxd5 Qxd5 14.c4 Qf5 15.Re1 
O-O 16.Qd2 Qh5 17.Qf4 Qg6 18.Re3 Rd8 19.Nh4 Qh5 
20.Nf3 Bd6 21.Qh4 Qxh4 22.Nxh4 Nd4 23.Re4 g5 
24.Nf3 Bf5 25.Re3 Nc2 26.Ra2 Nxe3 27.Bxe3 Bxd3 
28.b3 b6 29.Rd2 Bc7 30.Rd1 Be2 31.Rxd8+ Rxd8 
32.Bc1 Rd1+ 0-1

[Event "HCL-E1564"]
[Site "www.playchess.de"]
[Date "2006.02.16"]
[Round "6"]
[White "alldrix"]
[Black "Matu"]
[WhiteElo "1624"]
[BlackElo "1538"]
[PlyCount "59"]
[Result "1-0"]

1.e4 {hello!}  e5 {hi}  2.Nc3 Nf6 3.Bc4 d6 4.f4 
exf4 5.Nf3 h6 6.O-O Be7 7.d4 Be6 8.Bd3 g5 9.b3 d5 
10.exd5 Nxd5 11.Nxd5 Bxd5 12.Bb2 O-O 13.c4 Bxf3 
14.Qxf3 c6 15.Qh5 Qd6 16.Rae1 Bf6 17.Re4 Bg7 18.c5 
Qc7 19.Bc4 Kh8 20.Rfe1 Qd7 21.R4e7 Qf5 22.Rxf7 
Rxf7 23.Bxf7 Nd7 24.Be6 Nf6 25.Qxh6+ Bxh6 26.Bxf5 
Bg7 27.Re7 Rb8 28.d5 cxd5 29.Be5 Re8 
30.Bxf6 1-0

[Event "HCL-A2527"]
[Site "www.playchess.de"]
[Date "2006.02.16"]
[Round "13"]
[White "Matu"]
[Black "asskicker"]
[WhiteElo "1535"]
[BlackElo "1643"]
[PlyCount "98"]
[Result "0-1"]

1.Nf3 Nf6 2.b3 d6 3.Bb2 c5 4.g3 g6 5.Bg2 Bg7 6.O-O 
O-O 7.e3 Bg4 8.h3 Bf5 9.d4 h6 10.Nbd2 Nc6 11.a3 
cxd4 12.Nxd4 Nxd4 13.Bxd4 e5 14.Bb2 Qd7 15.Kh2 
Rac8 16.c4 b5 17.Rc1 Bd3 18.Re1 bxc4 19.Nxc4 e4 
20.f3 Qe6 21.Bxf6 Bxf6 22.fxe4 Bxe4 23.Bxe4 Qxe4 
24.Nxd6 Rxc1 25.Nxe4 Rxd1 26.Nxf6+ Kg7 27.Nh5+ 
gxh5 28.Rxd1 Rc8 29.Kg2 Rc3 30.Kf3 Rxb3 31.a4 Ra3 
32.Rd4 a5 33.Kf4 Kg6 34.e4 h4 35.gxh4 h5 36.Rd6+ 
Kg7 37.Rd4 Rxh3 {(offering draw)}  38.Kg5 Rb3 
39.Kxh5 Rb4 40.Rd5 Rxa4 41.e5 Ra1 42.Kg5 a4 43.h5 
Rg1+ 44.Kh4 a3 45.Ra5 Ra1 46.Ra7 a2 47.e6 Rh1+ 
48.Kg5 Rg1+ 49.Kf5 a1Q 0-1

[Event "HCL-C4016"]
[Site "www.playchess.de"]
[Date "2006.02.16"]
[Round "29"]
[White "Mercator"]
[Black "Idris"]
[WhiteElo "1042"]
[BlackElo "880"]
[PlyCount "51"]
[Result "1-0"]

1.d4 {Nice game to you!}  d5 {Hi, you too}  2.c4 
e6 3.Nf3 dxc4 4.a4 a5 5.e4 Bb4+ 6.Bd2 Bxd2+ 
7.Nbxd2 Ne7 8.Bxc4 Nbc6 9.O-O Nxd4 10.Nxd4 Qxd4 
11.Qc2 O-O 12.Rfe1 c6 13.Nf3 Qf6 14.e5 Qf5 15.Rac1 
Qxc2 16.Rxc2 b5 17.axb5 cxb5 18.Bxb5 Rd8 19.Rec1 
f5 20.R2c7 Rd5 21.Bc4 Rd7 22.Bxe6+ Kf8 23.Bxd7 a4 
24.Bxc8 Nxc8 25.R7xc8+ Rxc8 26.Rxc8+ 1-0

[Event "HCL-B3856"]
[Site "www.playchess.de"]
[Date "2006.02.16"]
[Round "8"]
[White "jpv"]
[Black "evets"]
[WhiteElo "1232"]
[BlackElo "1392"]
[PlyCount "114"]
[Result "0-1"]

1.e4 e6 2.d4 d5 3.Nd2 c5 4.c3 Qb6 5.Ngf3 Nf6 6.e5 
Ne4 7.Nxe4 dxe4 8.Nd2 cxd4 9.Nxe4 dxc3 10.Nxc3 Bc5 
11.Ne4 O-O 12.Nxc5 Qxc5 13.Bf4 Nc6 14.Qd6 Qb4+ 
15.Qxb4 Nxb4 16.Kd2 Rd8+ 17.Kc1 Bd7 18.Be2 Rac8+ 
19.Kd2 Be8+ 20.Ke3 Nc2+ 21.Kf3 Nd4+ 22.Ke3 Nxe2 
23.Kxe2 Rc2+ 24.Kf3 Bc6+ 25.Kg3 Rd3+ 26.Be3 Rxb2 
27.Rad1 Rd5 28.Rxd5 Bxd5 29.Rc1 h6 30.Rc8+ Kh7 
31.Bxa7 Rxa2 32.Bb8 Ra3+ 33.f3 b5 34.Bd6 Ra8 
35.Rxa8 Bxa8 36.Kf2 Kg6 37.Ke3 Kf5 38.g3 g5 39.g4+ 
Kg6 40.f4 f5 41.exf6 Kxf6 42.Be5+ Kg6 43.Kf2 b4 
44.Ke3 b3 45.fxg5 Kxg5 46.h3 Kh4 47.Kf4 Kxh3 48.g5 
hxg5+ 49.Kxg5 {(offering draw)}  Kg2 50.Kf6 Bd5 
{You will need to give up your B for the advancing 
b-pawn after which the e-pawn will promote to Q.  
Good game.}  51.Ke7 Kf2 52.Kd6 Ke2 53.Kc5 Kd3 
54.Kb4 Ke4 55.Bb2 e5 56.Bxe5 Kxe5 57.Kc3 
Ke4 0-1

[Event "HCL-E1571"]
[Site "www.playchess.de"]
[Date "2006.02.16"]
[Round "6"]
[White "golddim"]
[Black "chess50"]
[WhiteElo "1447"]
[BlackElo "2108"]
[PlyCount "48"]
[Result "0-1"]

1.e4 {Dobri den'. Udachi!}  e5 2.f4 exf4 3.Nf3 d5 
4.exd5 Nf6 5.Bb5+ c6 6.dxc6 Nxc6 7.d4 Bd6 8.Qe2+ 
Be6 9.Ng5 O-O 10.Nxe6 fxe6 11.Bxc6 bxc6 12.O-O Re8 
13.Bxf4 Bxf4 14.Rxf4 Qb8 15.Rf1 Qxb2 16.Nd2 Qxd4+ 
17.Kh1 e5 18.Nf3 Qc5 19.Rae1 e4 20.Nh4 Rab8 21.Rf5 
Re5 22.Rxe5 Qxe5 23.Qa6 g5 24.Nf3 
exf3 0-1

[Event "HCL-B3769"]
[Site "www.playchess.de"]
[Date "2006.02.16"]
[Round "4"]
[White "mattyboi"]
[Black "bossjos"]
[WhiteElo "1200"]
[BlackElo "1292"]
[PlyCount "64"]
[Result "0-1"]

1.g4 {hello mate hows it going?}  d5 {it is very 
good , thanks are you from Australia ??}  2.Bg2 
{no i'm from England. whats your name?}  Nf6 {jos 
bruin}  3.g5 Ne4 4.d3 Nd6 5.Bxd5 c6 6.Bf3 e5 7.Nh3 
Be7 8.c4 O-O 9.c5 Nb5 10.a4 Nd4 11.Bg2 Bxc5 12.e3 
Ne6 13.b4 Bxb4+ 14.Kf1 Nxg5 15.Ra2 Bf5 16.Qh5 
Qxd3+ 17.Re2 Nxh3 18.Bxh3 Bxh3+ 19.Qxh3 Qd1+ 
20.Re1 Qxe1+ 21.Kg2 Qe2 22.Qh4 Bd6 23.Nc3 Qc2 
24.Qc4 Qg6+ 25.Kf1 Nd7 26.Ne4 Nb6 27.Qd3 Rad8 
28.Rg1 Qh6 29.a5 Nd5 30.Nxd6 Rxd6 31.Ba3 Nf4 
32.Qc4 Rd1+ 0-1

[Event "HCL-A2586"]
[Site "www.playchess.de"]
[Date "2006.02.16"]
[Round "6"]
[White "Crusaders"]
[Black "dynamike"]
[WhiteElo "1781"]
[BlackElo "1431"]
[PlyCount "85"]
[Result "1-0"]

1.e4 {Hi Dynamike - The second game now Good Luck} 
 c5 2.Nc3 e6 3.f4 Be7 4.Nf3 Nc6 5.Bb5 a6 6.Bxc6 
bxc6 7.d3 d5 8.e5 Nh6 9.Qe2 Nf5 10.Bd2 Nd4 11.Nxd4 
cxd4 12.Na4 Bd7 13.b3 c5 14.Nb2 Qc7 15.Rc1 a5 
16.c4 dxc3 17.Rxc3 Rb8 18.O-O a4 19.Nxa4 Bxa4 
20.bxa4 Rb2 21.a3 Qa7 22.Kh1 Qxa4 23.Qd1 Qxd1 
24.Rxd1 d4 25.Rc4 Rb3 26.Ra4 O-O 27.Be1 Rfb8 
28.Ra7 Bf8 29.Kg1 R3b2 30.a4 Ra2 31.g4 Rbb2 32.Bg3 
{(offering draw)}  Rb4 33.a5 Rba4 34.Be1 c4 
35.dxc4 Rxc4 36.Ra8 g6 37.Rd2 Ra1 38.Kf2 Kg7 
39.Rb2 Bc5 40.Bd2 d3+ 41.Kg3 Rc2 42.Rbb8 Rxd2 
43.g5 1-0

[Event "HCL-E1577"]
[Site "www.playchess.de"]
[Date "2006.02.16"]
[Round "5"]
[White "takesa"]
[Black "Chuck_Ventimiglia"]
[WhiteElo "1595"]
[BlackElo "2048"]
[PlyCount "36"]
[Result "0-1"]

1.e4 {hello:)}  c5 {Nice to meet you!!}  2.Nc3 {)} 
 e6 3.Nf3 Nc6 4.Bb5 Nge7 5.O-O a6 6.Bxc6 Nxc6 7.d4 
cxd4 8.Nxd4 Qc7 9.Be3 Be7 10.Nxc6 bxc6 11.Qg4 O-O 
12.Rad1 d5 13.Rfe1 e5 14.Qg3 f5 15.Bh6 Bf6 16.exd5 
f4 17.d6 fxg3 18.dxc7 gxf2+ 0-1

[Event "HCL-B3864"]
[Site "www.playchess.de"]
[Date "2006.02.16"]
[Round "7"]
[White "bob19"]
[Black "Buddy"]
[WhiteElo "1421"]
[BlackElo "940"]
[PlyCount "59"]
[Result "1-0"]

1.d4 d5 2.Nf3 Nc6 3.Bd2 e6 4.e3 a6 5.c4 b5 6.cxb5 
axb5 7.Bxb5 Bb7 8.Ne5 Nge7 9.Qc2 Qd6 10.a3 O-O-O 
11.Nxc6 Nxc6 12.O-O g6 13.Rc1 Na7 14.Bb4 Qb6 
15.Bxf8 Rhxf8 16.a4 f5 17.Nd2 Rd6 18.b4 Bc6 
19.Bxc6 Rxc6 20.Qb2 h5 21.Rxc6 Qxc6 22.b5 Qd7 
23.b6 cxb6 24.Qxb6 Re8 25.Rc1+ Nc6 26.Rxc6+ Qxc6 
27.Qxc6+ Kd8 28.Nb3 g5 29.Nc5 Rg8 
30.Qd7+ 1-0

[Event "HCL-A2572"]
[Site "www.playchess.de"]
[Date "2006.02.16"]
[Round "8"]
[White "schlueter"]
[Black "guanzi"]
[WhiteElo "1595"]
[BlackElo "1627"]
[PlyCount "87"]
[Result "1-0"]

1.d4 Nf6 2.c4 e6 3.Nc3 Bb4 4.a3 Bxc3+ 5.bxc3 b6 
6.g3 Bb7 7.Nf3 O-O 8.Bg2 d6 9.O-O Nc6 10.Bg5 h6 
11.Bxf6 Qxf6 12.e4 Na5 13.Nd2 Rac8 14.f4 Rfd8 
15.Nb3 Nxb3 16.Qxb3 Qe7 17.a4 c5 18.d5 Rcb8 19.a5 
b5 20.cxb5 exd5 21.exd5 Qe3+ 22.Kh1 Rde8 23.Qc2 
Re7 24.c4 Rbe8 25.Rab1 Bc8 26.a6 g6 27.Rb3 Qe2 
28.Qxe2 R7xe2 29.Rbb1 Bf5 30.Rbc1 R8e3 31.Kg1 Kf8 
32.Rf2 R2e1+ 33.Rxe1 Rxe1+ 34.Rf1 Re3 35.Ra1 Bd3 
36.b6 Re8 37.b7 Bxc4 38.Bf1 Bxf1 39.Kxf1 Rb8 
40.Re1 h5 41.Re4 Rd8 42.Ke2 Kg7 {I can't move.}  
43.Kd3 {i feel good :-)}  Kf6 44.Kc4 1-0

[Event "HCL-B3797"]
[Site "www.playchess.de"]
[Date "2006.02.16"]
[Round "3"]
[White "spartan1"]
[Black "pytolo98"]
[WhiteElo "908"]
[BlackElo "1229"]
[PlyCount "148"]
[Result "0-1"]

1.d4 e6 2.d5 exd5 3.Qxd5 Nf6 4.Bg5 Be7 5.Bxf6 Bxf6 
6.c3 O-O 7.Qd3 d6 8.e4 Nc6 9.Nf3 Bg4 10.Nbd2 Bxf3 
11.Nxf3 d5 12.Qxd5 Qe7 13.O-O-O Rad8 14.Qb3 b6 
15.Bb5 Na5 16.Qc2 Nb7 17.Rhe1 Qc5 18.e5 Be7 19.Ba4 
Qa5 20.Nd4 Qd5 21.Nc6 Qxa2 22.Nxe7+ Kh8 23.Nc6 
Qa1+ 24.Qb1 Qxa4 25.Nxd8 Nxd8 26.Re4 Qc6 27.Red4 
Ne6 28.R4d7 Qxg2 29.Qd3 g6 30.Qg3 Qe4 31.h4 h5 
32.f3 Qe3+ 33.Kb1 a5 34.Ka2 Qc5 35.f4 Qc4+ 36.b3 
Qb5 37.Qd3 Qc6 38.Qd2 Kg7 39.f5 Nc5 40.Qg5 Nxd7 
41.fxg6 fxg6 42.Qe7+ Rf7 43.Qe8 Rf8 44.Rxd7+ Kg8 
45.Qe7 Rf2+ 46.Ka3 Qc5+ 47.Qxc5 bxc5 48.Rxc7 Rf4 
49.Rc6 Rxh4 50.Rxg6+ Kh7 51.Rg5 Kh6 52.Rf5 Re4 
53.c4 h4 54.e6 Rxe6 55.Rxc5 h3 56.Rxa5 h2 57.Ra8 
Re7 58.Rh8+ Rh7 59.Rxh7+ {You saw that coming a 
mile off. That's why you are class b and I am 
classc. I thiught I had this game won until you 
put me in check with your rook and then tradded 
Queens .}  Kxh7 60.Ka4 h1Q 61.Kb5 Qb7+ 62.Ka4 Kg7 
63.b4 Kf7 64.b5 Qb6 65.Kb4 Ke7 66.c5 Qb7 67.b6 Qc6 
68.Ka5 Qxc5+ 69.Ka6 Qa3+ 70.Kb7 Kd7 71.Kb8 Qa6 
72.b7 Kc6 73.Kc8 Qxb7+ 74.Kd8 {And to think I 
thought I had this game won many moves ago. Good 
game.}  Qd7+ 0-1

[Event "HCL-C4099"]
[Site "www.playchess.de"]
[Date "2006.02.16"]
[Round "6"]
[White "ivofle"]
[Black "WPrimo"]
[WhiteElo "818"]
[BlackElo "1296"]
[PlyCount "68"]
[Result "0-1"]

1.e4 e5 2.a3 Nf6 3.Nc3 Nc6 4.Bc4 Bc5 5.Nge2 d6 
6.d3 Bg4 7.Bg5 Nd4 8.f3 Be6 9.Be3 Bxc4 10.dxc4 
Nxc2+ 11.Qxc2 Bxe3 12.Ng3 O-O 13.Nf5 Bg5 14.Ne2 g6 
15.Nfg3 Nd7 16.O-O Nc5 17.Nf5 gxf5 18.exf5 Qf6 
19.Ng3 Kh8 20.Nh5 Qh6 21.Kf2 Qxh5 22.Ke1 Qxh2 
23.Qe2 Bh4+ 24.Kd1 Qf4 25.b4 Qd4+ 26.Kc2 Na4 
27.Kb3 Nb6 28.Rad1 Qf4 29.Rd3 a5 30.b5 a4+ 31.Kc3 
Qxc4+ 32.Kd2 Qxb5 33.Qe4 Nc4+ 34.Ke2 
Qb2+ 0-1

[Event "HCL-B3820"]
[Site "www.playchess.de"]
[Date "2006.02.16"]
[Round "29"]
[White "garden"]
[Black "RUDI"]
[WhiteElo "1084"]
[BlackElo "1257"]
[PlyCount "92"]
[Result "1/2-1/2"]

1.e4 e5 2.Nf3 Nc6 3.d3 Bc5 4.b3 d6 5.Bg5 f6 6.Bd2 
Nd4 7.Nxd4 Bxd4 8.Bc3 Bxc3+ 9.Nxc3 Be6 10.Be2 Qd7 
11.h3 O-O-O 12.Bg4 Bxg4 13.Qxg4 Qxg4 14.hxg4 Ne7 
15.g3 c6 16.f4 g6 17.O-O-O h5 18.gxh5 Rxh5 19.fxe5 
fxe5 20.g4 Rg5 21.Rh7 Re8 22.Rdh1 Kd7 23.Rg1 Rf8 
24.Ne2 a6 25.Rh4 b6 26.Ng3 c5 27.c4 a5 28.a4 Ke6 
29.Nf1 Ng8 30.Rh8 Kf7 31.Rh7+ Ke8 32.Rb7 Nh6 
33.Rb8+ Ke7 34.Rxb6 Rxg4 35.Rh1 Nf7 36.Ne3 Rg3 
37.Nd5+ Kd7 38.Ra6 Rxd3 39.Kc2 Rg3 40.Rxa5 Nh8 
41.Ra7+ Kc6 42.Ra6+ Kd7 43.Rh7+ Nf7 44.Nb6+ Ke6 
45.Ra7 Rg2+ 46.Kc3 Rg3+ {(offering draw)} 
 1/2-1/2

[Event "HCL-C4104"]
[Site "www.playchess.de"]
[Date "2006.02.16"]
[Round "2"]
[White "Maneco"]
[Black "Milosforman"]
[WhiteElo "1161"]
[BlackElo "962"]
[PlyCount "81"]
[Result "1-0"]

1.e4 {Hello!}  c5 2.Nf3 e6 3.c4 d6 4.Be2 Be7 5.d3 
Nf6 6.O-O h6 7.Nc3 e5 8.h3 O-O 9.Re1 a6 10.Be3 Bd7 
11.a3 Nc6 12.Rb1 Nh5 13.Nd5 f5 14.Nxe7+ Qxe7 
15.exf5 Bxf5 16.h4 e4 17.dxe4 Bxe4 18.Bd3 Bxd3 
19.Qxd3 Qe6 20.Bxc5 Nf4 21.Rxe6 Nxd3 22.Bxd6 Rf6 
23.Rxf6 gxf6 24.Ne1 Nxe1 25.Rxe1 Nd4 26.Re4 Nf5 
27.Re6 Nxd6 28.Rxd6 Rc8 29.b3 Rc6 30.Rd8+ Kh7 
31.Rd7+ Kg6 32.Rxb7 Kh5 33.g3 Kg4 34.Kg2 f5 
35.Rg7+ Kh5 36.Kh3 Rg6 37.Rc7 Re6 38.c5 a5 39.c6 
Re2 40.f3 Re3 41.Rg7 1-0

[Event "HCL-B3821"]
[Site "www.playchess.de"]
[Date "2006.02.16"]
[Round "15"]
[White "scotty4u"]
[Black "IRONMAIDEN"]
[WhiteElo "1336"]
[BlackElo "1382"]
[PlyCount "79"]
[Result "1-0"]

1.e4 e5 2.Bc4 Bc5 3.Qh5 Qf6 4.Nf3 Nh6 5.O-O O-O 
6.Nxe5 d6 7.Nf3 Bg4 8.Qg5 Bxf3 9.Qxf6 gxf6 10.gxf3 
Kh8 11.d3 Nc6 12.Bxh6 Rfg8+ 13.Kh1 Rg6 14.Be3 Ne5 
15.Nd2 Rag8 16.Rfg1 R6xg1+ 17.Rxg1 Bxe3 18.fxe3 
Re8 19.f4 Nxc4 20.Nxc4 b6 21.Na3 c6 22.Re1 b5 
23.c3 a5 24.Kg2 Kg7 25.Kf3 Rg8 26.Rg1+ Kf8 
27.Rxg8+ Kxg8 28.Kg4 Kg7 29.Kf5 h6 30.Nc2 c5 31.d4 
c4 32.d5 h5 33.h4 a4 34.Nd4 Kf8 35.Nxb5 Ke7 36.e5 
fxe5 37.fxe5 dxe5 38.Kxe5 f6+ 39.Kf5 Kf7 
40.d6 1-0

[Event "HCL-C4161"]
[Site "www.playchess.de"]
[Date "2006.02.16"]
[Round "7"]
[White "IRONMAIDEN"]
[Black "Skipper_Robert"]
[WhiteElo "1252"]
[BlackElo "991"]
[PlyCount "81"]
[Result "1-0"]

1.c4 {hi, versuchen wir`s nochmal!}  e5 {OK! Viel 
Spaß}  2.Nc3 d6 3.e4 Be6 4.Nf3 Nc6 5.Be2 Nf6 6.O-O 
Be7 7.d3 h6 8.b3 a6 9.Be3 b5 10.cxb5 axb5 11.Nxb5 
d5 12.exd5 Bxd5 13.Nc3 O-O 14.d4 Be4 15.dxe5 Bxf3 
16.Bxf3 Nxe5 17.Ne4 g5 18.Nxf6+ Kg7 19.Nh5+ Kg8 
20.a4 Bf6 21.Qxd8 Rfxd8 22.Nxf6+ Kg7 23.Nh5+ Kg6 
24.Ng3 Rdf8 25.Be4+ f5 26.Bxa8 Rxa8 27.Rfd1 f4 
28.Bc5 fxg3 29.fxg3 h5 30.Rd5 Ng4 31.Re1 Rf8 32.a5 
h4 33.gxh4 Rh8 34.Rxg5+ Kh6 35.Rxg4 Kh5 36.h3 Rd8 
37.Re5+ Kh6 38.Reg5 c6 39.R5g6+ Kh5 40.R4g5+ Kxh4 
41.Bf2+ 1-0

[Event "HCL-C4020"]
[Site "www.playchess.de"]
[Date "2006.02.16"]
[Round "19"]
[White "epenz"]
[Black "Peter_Richard"]
[WhiteElo "937"]
[BlackElo "976"]
[PlyCount "108"]
[Result "0-1"]

1.e4 c6 2.Nf3 d5 3.e5 Bf5 4.d4 e6 5.Be2 Ne7 6.O-O 
Nd7 7.Bg5 h6 8.Bxe7 Bxe7 9.c3 O-O 10.Bd3 Bxd3 
11.Qxd3 Qb6 12.b4 Qb5 13.Qxb5 cxb5 14.Nbd2 Nb6 
15.Rfc1 Rac8 16.a3 Nc4 17.Nxc4 Rxc4 18.Nd2 Rc7 
19.h3 a6 20.Nf3 Rfc8 21.Kh2 f6 22.g4 g5 23.Rc2 Kf7 
24.Rac1 b6 25.Kg3 a5 26.Nd2 axb4 27.axb4 Ra8 28.h4 
Ra3 29.Nb1 Ra1 30.Nd2 Rxc1 31.Rxc1 Ra7 32.Nb1 Ra2 
33.hxg5 fxg5 34.Kf3 Kg6 35.Ke3 h5 36.gxh5+ Kxh5 
37.Kf3 g4+ 38.Kg3 Bh4+ 39.Kg2 Rxf2+ 40.Kg1 g3 
41.Rf1 Rxf1+ 42.Kxf1 Kg4 43.Nd2 Kf4 44.Kg2 Ke3 
45.Nf3 Bd8 46.Kxg3 Kd3 47.Kg4 Kxc3 48.Kh5 Kxb4 
49.Kg6 Kc4 50.Kf7 b4 51.Kxe6 b3 52.Kd6 b2 53.e6 
b1Q 54.e7 Bxe7+ 0-1

[Event "HCL-C4153"]
[Site "www.playchess.de"]
[Date "2006.02.16"]
[Round "12"]
[White "Milosforman"]
[Black "nichju"]
[WhiteElo "950"]
[BlackElo "1096"]
[PlyCount "65"]
[Result "1-0"]

1.d4 d5 2.Nc3 Bf5 3.e3 Nf6 4.Bd3 Bxd3 5.Qxd3 e6 
6.e4 Bb4 7.Bd2 dxe4 8.Nxe4 Bxd2+ 9.Nxd2 O-O 
10.Ngf3 Nc6 11.a3 Re8 12.Ng5 Nxd4 13.Nde4 Nxe4 
14.Qxe4 Nxc2+ 15.Qxc2 Qxg5 16.O-O c6 17.f4 Qd5 
18.Rad1 Qb5 19.a4 Qb6+ 20.Rf2 Rad8 21.Rxd8 Rxd8 
22.Kf1 Qd4 23.h3 Qd3+ 24.Qxd3 Rxd3 25.Ke2 Rb3 
26.Kf1 Rb4 27.a5 c5 28.g4 c4 29.f5 e5 30.g5 e4 
31.Rf4 Rxb2 32.Rxe4 c3 33.Re8+ {i hoped so....} 
 1-0

[Event "HCL-C4095"]
[Site "www.playchess.de"]
[Date "2006.02.16"]
[Round "11"]
[White "Milosforman"]
[Black "epenz"]
[WhiteElo "962"]
[BlackElo "1024"]
[PlyCount "99"]
[Result "1-0"]

1.d4 d5 2.Nc3 e6 3.e3 Nf6 4.Bd3 Bb4 5.Bd2 Bxc3 
6.Bxc3 O-O 7.Nf3 Nc6 8.Ng5 a6 9.Qf3 h6 10.Nh3 Re8 
11.O-O-O b5 12.Nf4 Bb7 13.Nh5 Nxh5 14.Qxh5 Ne7 
15.g4 Qd6 16.h4 f6 17.g5 Nf5 18.Bxf5 exf5 19.gxh6 
gxh6 20.Qg6+ Kf8 21.Qxh6+ Ke7 22.Qg7+ Kd8 23.Ba5 
Qe7 24.Qxe7+ Rxe7 25.Rh2 Kd7 26.Rdh1 Rh7 27.h5 Kd6 
28.h6 c5 29.Bb6 c4 30.c3 a5 31.Bc5+ Kc6 32.R2h5 
Bc8 33.Rg1 Bd7 34.Rg7 Rxg7 35.hxg7 Rg8 36.Bf8 Be6 
37.Rh6 Kd7 38.Rxf6 b4 39.cxb4 axb4 40.Kc2 f4 
41.Rxf4 Ke8 42.Rf6 Bf7 43.a3 b3+ 44.Kc3 Rxf8 
45.gxf8Q+ Kxf8 46.a4 Ke7 47.Rb6 Be6 48.a5 Bd7 
49.a6 Kd8 50.a7 1-0